Os 15 principais países com mortes por Covid19 - 29 de junho - Statistics

Estatísticas Gerais
  • Esse quiz foi jogado 5 vezes
  • A pontuação média é 8 de 20
Estatísticas das Respostas
país % Correto
Estados Unidos
100%
Brasil
80%
Espanha
80%
Itália
80%
México
80%
Alemanha
60%
Canadá
60%
Índia
60%
Peru
60%
Reino Unido
40%
Rússia
40%
Bélgica
20%
Chile
20%
Equador
20%
França
20%
Suécia
20%
Irão
0%
Irlanda
0%
Países Baixos
0%
Suíça
0%
Nenhum quiz correspondente encontrado
Distribuição das Pontuações
Porcentagem de Pessoas com Cada Pontuação
Percentil de Números Respondidos
Sua Pontuação Histórica
Você não jogou esse quiz